000 00641nam a2200205Ia 4500
003 GCL
008 140319s9999 xx 000 0 ara d
040 _aGCL /
_cGCL
082 0 4 _a320.956
_bس ا
100 1 _aسمير امين
245 1 0 _aالامة العربية : القومية والصراع الطبقى /
_cسمير امين
300 _a256 ص
490 _a
650 0 4 _aالعالم العربى
650 0 4 _aالنزاع العربى الاسرائيلى
650 0 4 _aالطبقات الاجتماعية
650 0 4 _aالقومية العربية
650 0 4 _aالصراع الاجتماعى
942 _2ddc
_cBK
999 _c40948
_d40948